Vocabulaire médiéval (1) - Statistiques

Statistiques générales
  • Ce quiz a été pris 112 fois
  • Le résultat moyen est 7 sur 20
Statistiques - réponses
Hint Réponse % Correct
Etuves Bains publics
79%
Rapiner Voler
63%
Damelot Jeune homme
61%
Ferrière Mine de fer
61%
Gris Saoul
46%
Ost Armée
45%
Rets Filets
41%
Magne Grand
35%
Navrer Blesser
34%
Troncher Couper
34%
Aven Gouffre
31%
Menuaille Populace
28%
Lober Tromper
27%
Plessis Enclos fortifié
24%
Hoir Héritier
24%
Mall Tribunal public
18%
Guignon Malchance
17%
Ysopet Recueil de fables
17%
Roncine Jument
15%
Laie Sentier forestier
15%
Aucun quiz correspondant
Distribution des résultats
% des personnes avec chaque résultat
Percentile par nombre de réponses
Votre historique - résultats
Vous n’avez pas pris ce quiz